000 00550nam a2200193Ia 4500
005 20260114185635.0
008 008 260114s9999 xx 000 0 eng d
020 _a9781350986268
037 _aEBOOK
040 _aCRL
_beng
_cCRL
041 _aeng
_2eng
084 _qCRL
100 _aRobert Elsie
_9872566
245 0 _aEnver Hoxha The Iron Fist of Albania
260 _bBloomsbury
_c2016
856 _uhttps://doi.org/10.5040/9781350986268?locatt=label:secondary_bloomsburyCollections
942 _cEBOOK
999 _c1471514
_d1471514